You qu de fei xing : fei ji-qu wei ke xue zhi shi guan = Science population
| Main Author: | |
|---|---|
| Format: | Book |
| Published: |
[S.l.] :
Yanbian University ,
2015
|
| Subjects: |
MARC
| LEADER | 00000cam a2200000 7i4500 | ||
|---|---|---|---|
| 001 | 0000220430 | ||
| 005 | 20171108.0 | ||
| 020 | |a 9787563481217 | ||
| 090 | 0 | 0 | |a 387.7 |b JIA |
| 100 | 1 | |a Jiao Qing Feng | |
| 245 | 1 | 0 | |a You qu de fei xing : fei ji-qu wei ke xue zhi shi guan = Science population |c Jiao Qing Feng |
| 260 | |a [S.l.] : |b Yanbian University , |c 2015 | ||
| 300 | |a 154p. : |b ill. ; |c 24cm. | ||
| 650 | 0 | |a Aircrafts |v Juvenile literature | |
| 650 | 0 | |a Transportation |v Juvenile literature | |
| 999 | |a 00333904 |b BUKU |c JUNIOR MANDARIN COLLECTION |e PERPUSTAKAAN KOMUNITI PETALING JAYA | ||